000 01007nam0a2200313 4500
001 RU\NLR\BIBL_A\022685382
005 20260420061408.0
010 _a978-5-9216-2472-6
_9100
021 _aRU
_bКН-П-25-065099
_9КН-П-25-6306
035 _a(NLR Aleph) 022685382
090 _a13686834
_c13686834
100 _a20251211d2025 u y0rusy50 ca
101 0 _arus
102 _aRU
105 _ay z 000gy
181 0 _ai4
_baxxe
182 0 _an
200 1 _aПровинциальный вестник
_eлирический роман
_fЭдуард Кранк
203 _aТекст
_bвизуальный
_cнепосредственный
210 _aМосква
_cРукопись
_d2025
215 _a217, [1] с.
_d20
333 _a18+
686 2 _aШ6(2=Р)8-440.4
700 1 _aКранк
_bЭ. О.
_gЭдуард Освальдович
942 _cBOOK
980 _aNB